000 00618nam a2200169 i 4500
001 149223
003 ES-MaACL
007 t|
008 071019s1984 sp ||||1| spa d
100 1 _aVega Vega, Jose Luis.
_9113626
245 1 0 _aPsicología evolutiva /
_cJosé Luis Vega Vega.
260 _a[Madrid] :
_bUniversidad Nacional de Educación a Distancia, Departamento de Psicología,
_c[1984]
300 _a3 v. :
_bil. ;
_c24 cm.
710 2 _aUniversidad Nacional de Educación a Distancia (España).
_bDepartamento de Psicología
_97414
852 _aES-MaACL
_jL-7209-11
_bR.107857
999 _c149223
_d149223